Normal view
MARC view
- Grandmothers
Entry Topical Term
001 - CONTROL NUMBER
- control field: 114478
003 - CONTROL NUMBER IDENTIFIER
- control field: NUST
005 - DATE AND TIME OF LATEST TRANSACTION
- control field: 20230907152719.0
008 - FIXED-LENGTH DATA ELEMENTS
- fixed length control field: 230907|| aca||aabn | a|a d
040 ## - CATALOGING SOURCE
- Original cataloging agency: NUST
- Transcribing agency: NUST
150 ## - HEADING--TOPICAL TERM
- Topical term or geographic name entry element: Grandmothers
- Topical term or geographic name entry element: Children's stories
- Topical term or geographic name entry element: Humorous stories
670 ## - SOURCE DATA FOUND
- Source citation: Work cat.: (NUST): Dahl, Roald; Blake, Quentin 114477, George's marvelous medicine\, 2016.
